गिजुभाई बाल कथाएँ संग दिवास्वप्न / (Record no. 214327)

MARC details
000 -LEADER
fixed length control field 01098nam a22002297a 4500
005 - DATE AND TIME OF LATEST TRANSACTION
control field 20260120152912.0
010 ## - LCCN (DPL NO)
LC control number B-777889
020 ## - INTERNATIONAL STANDARD BOOK NUMBER
Terms of availability 250.00
International Standard Book Number 978819041998
035 ## - SYSTEM CONTROL NUMBER
System control number B-777889
037 ## - SOURCE OF ACQUISITION
Source of stock number/acquisition उपहार
082 ## - DEWEY DECIMAL CLASSIFICATION NUMBER
Classification number
100 ## - MAIN ENTRY--PERSONAL NAME
Personal name गिजुभाई
245 ## - TITLE STATEMENT
Title गिजुभाई बाल कथाएँ संग दिवास्वप्न /
Statement of responsibility, etc गिजुभाईः अनिकेत शौनक द्वारा संपादित
260 ## - PUBLICATION, DISTRIBUTION, ETC. (IMPRINT)
Place of publication, distribution, etc दिल्ली
Name of publisher, distributor, etc स्टेटफॉरर्वड पब्लिशर्स(प्रा.)लि.
Date of publication, distribution, etc 2024
270 ## - ADDRESS
Address एफ-3/139, सैक्टर-16, रोहिणी
City नई दिल्ली
Telephone number 110089
300 ## - PHYSICAL DESCRIPTION
Extent 172पृ.
Dimensions 22सेमी (अजिल्द)
650 ## - SUBJECT ADDED ENTRY--TOPICAL TERM
Topical term or geographic name as entry element लघु कथाएँ, हिन्दी
650 ## - SUBJECT ADDED ENTRY--TOPICAL TERM
Topical term or geographic name as entry element Short Stories, Hindi
700 ## - ADDED ENTRY--PERSONAL NAME
Personal name अनिकेत शौनक
9 (RLIN) 86656
942 ## - ADDED ENTRY ELEMENTS (KOHA)
Source of classification or shelving scheme Dewey Decimal Classification
Item type Children Books
Classification part
Call number suffix गिजुभा
Holdings
Withdrawn status Lost status Not for loan Collection code Home library Current library Date acquired Source of acquisition Cost, normal purchase price Full call number Barcode Copy number Cost, replacement price Koha item type
      Fiction Mobile Library Mobile Library 20/01/2026 उपहार/ 07.01.2026 250.00 क गिजुभा B-777889 1 250.00 Children Books

© Delhi Public Library
Hit Counter
free hit counter